|
|
|
|
| LEADER |
01015nam a22002657a 4500 |
| 001 |
31947 |
| 003 |
BD-DhAAL |
| 008 |
171211t2008 ru a|||| bi|| 00| 0 rus d |
| 999 |
|
|
|c 38820
|d 38820
|
| 020 |
|
|
|a 9785969705913
|
| 020 |
|
|
|a 5969705918
|
| 040 |
|
|
|a BD-DhAAL
|
| 082 |
|
|
|a 890
|
| 100 |
|
|
|a Mandelstam, Osip
|9 24240
|
| 245 |
|
|
|a Life fell like lightning /
|c Osip Mandelstam
|
| 246 |
|
|
|a Zhizn upala, kak zarnica. = Ferner Blitz - das Leben fiel. :
|b Ausgew?hlte Dichtung in deutscher ?bersetzung
|
| 260 |
|
|
|a Moskva :
|b Varius,
|c 2008
|
| 300 |
|
|
|a 430 pages :
|b illustrations ;
|c 21 cm.
|
| 504 |
|
|
|6 Includes bibliographical references (pages 416-430).
|
| 526 |
|
|
|a AAL
|
| 541 |
|
|
|a Complementary copy
|e 31947
|
| 650 |
|
|
|a Russian Literature
|9 24241
|
| 852 |
|
|
|a Ayesha Abed Library
|c General Stacks
|
| 942 |
|
|
|2 ddc
|c BK
|
| 952 |
|
|
|0 0
|1 0
|2 ddc
|4 0
|6 890_000000000000000_MAN
|7 0
|9 62284
|a BRACUL
|b BRACUL
|c GEN
|d 2017-12-11
|e Complementary copy from BIL
|l 3
|m 14
|o 890 MAN
|p 3010031947
|r 2022-07-30
|s 2019-12-30
|t 1
|w 2017-12-11
|y BK
|